000 00387nam a2200157Ia 4500
003 GCL
008 140319s9999 xx 000 0 eng d
040 _aGCL /
_cGCL
082 0 4 _a709
_bC H
100 1 _aCHATELET, ALBERT
245 1 0 _aHISTOIRE DE L'ART /
_cCHATELET, ALBERT
260 _a[S.N] :
_bLAROUSSE ،
_c1990
300 _a780 PP
650 0 4 _aART - HISTORY
942 _2ddc
_cBK
999 _c19058
_d19058